Normal view
MARC view
- Law V
Entry Personal Name
001 - CONTROL NUMBER
- control field: 200025
003 - CONTROL NUMBER IDENTIFIER
- control field: OSt
005 - DATE AND TIME OF LATEST TRANSACTION
- control field: 20230714215848.0
008 - FIXED-LENGTH DATA ELEMENTS
- fixed length control field: 230714|| aca||aabn | a|a d
040 ## - CATALOGING SOURCE
- Original cataloging agency: OSt
- Transcribing agency: OSt
100 ## - HEADING--PERSONAL NAME
- Personal name: Law V
670 ## - SOURCE DATA FOUND
- Source citation: Work cat.: (OSt)220202: Law V., The Money Book, 2016